000 00568nam a2200181Ia 4500
008 100920s9999 xx 000 0 und d
082 _b25998
_a51 थ 70
100 _aराहिरकर गो. शं.
245 _aअवतारांचा कळस.
260 _bगोळे व. ह.,पुणे.
_c1970
300 _a264
_bसाधी
365 _b5.5
520 _aचरित्र.
630 _aअवतारांचा कळस.
650 _aचरित्र.
730 _aअवतारांचा कळस.
942 _cBOOK
999 _c683569
_d683566